000 00943nac a22002777a 4500
001 BR7702840
003 BR-BrBNA
005 20240105114059.0
008 230509b bl.|||m| |||| 00| 0 por d
040 _aBR-BrBNA
_bpor
_cBiblioteca Nacional de Agricultura
072 _aM40
090 _a3301 BR7702840
100 1 _aSilva, P. de C.M. da
110 1 _aInstituto de Pesquisas da Marinha, Rio de Janeiro, RJ (Brasil)
_96154
245 1 _aProfundidade ideal dos tanques de cultura de fitoplancton [Biologia aquatica; Cabo Frio; Rio de Janeiro; Brasil]
260 3 _aRio de Janeiro, RJ (Brasil):
_c1977.
300 _a13 p.
490 _aPublicacao do Instituto de Pesquisas da Marinha (Brazil)
_vno. 116
_x
500 _a6 illus.; 12 ref.
650 _aBiologia aquatica
650 _aFitoplancton
650 _aCabo Frio
650 _aRio de Janeiro
909 _a202312
_bLúcia Elande
_c55
_dLúcia Elande
942 _2AGRIS
_n0
_cMS
999 _c267276
_d267276